000 00400nam a2200157Ia 4500
008 230917s9999||||xx |||||||||||||| ||und||
020 _cSFR95
040 _e17105
_aMAIN
041 _aEnglish
082 _a512.24 K964I
100 _aKunz, Ernst
245 0 _aIntroduction to commutative Algebra and Algebric Geometry
260 _aBoston
_bBirkhauser
_c1985
300 _axi, 238 p.
942 _cBK
999 _c53076
_d53076